|
|
|
|
| LEADER |
01390nam a2200301 a 4500 |
| 001 |
09784 |
| 003 |
BD-DhAAL |
| 005 |
20251224185539.0 |
| 008 |
090825s2001 njua b 001 0 eng d |
| 010 |
|
|
|a 89023063
|
| 020 |
|
|
|a 0130044253
|
| 040 |
|
|
|a DLC
|c DLC
|d DLC
|d BD-DhAAL
|
| 082 |
0 |
0 |
|a 512
|2 22
|
| 100 |
1 |
|
|a Rahaman,Md. Abdur.
|9 59997
|
| 245 |
1 |
0 |
|a College abstract algebra :
|b groups,rings and fields /
|c Md. Abdur Rahaman
|
| 260 |
|
|
|a Englewood Cliffs, N.J.;
|a Dhaka :
|b Prentice Hall;
|b Nahar Book Depot&Publication,
|c c2001.
|
| 300 |
|
|
|a 300 pages ;
|c 20 cm.
|
| 504 |
|
|
|a Includes bibliographical references (p. 318-319) and index.
|
| 541 |
1 |
|
|e 00009784
|
| 650 |
|
0 |
|a Algebra.
|
| 650 |
|
0 |
|a Mathematics.
|
| 700 |
1 |
|
|a Blair, William D.
|9 59998
|
| 852 |
4 |
|
|a Ayesha Abed Library
|j General Shelf.
|
| 942 |
0 |
0 |
|0 2
|2 ddc
|c BK
|
| 999 |
|
|
|c 3761
|d 3761
|
| 952 |
|
|
|0 0
|1 0
|2 ddc
|4 0
|6 512_000000000000000_RAH
|7 0
|9 3412
|a BRACUL
|b BRACUL
|c GEN
|d 2009-09-03
|g 0.00
|l 3
|m 11
|o 512 RAH
|p 3010009784
|r 2025-01-13
|s 2024-10-28
|t 1
|w 2009-09-03
|y BK
|x No price found in the accession register.
|
| 952 |
|
|
|0 0
|1 0
|2 ddc
|4 0
|6 512_000000000000000_RAH
|7 0
|9 8225
|a BRACUL
|b BRACUL
|c GEN
|d 2010-02-17
|l 5
|m 33
|o 512 RAH
|p 3010009785
|r 2024-12-23
|s 2024-07-08
|t 2
|w 2010-02-17
|y BK
|
| 952 |
|
|
|0 0
|1 0
|2 ddc
|4 0
|6 512_000000000000000_RAH
|7 0
|9 14317
|a BRACUL
|b BRACUL
|c GEN
|d 2011-02-03
|l 5
|m 34
|o 512 RAH
|p 3010009783
|r 2022-06-05
|s 2022-03-06
|w 2011-02-03
|y BK
|